000
00268nam a2200109Ia 4500
008
230907s9999||||xx |||||||||||||| ||und||
082
_a
720.47,BUI
245
0
_a
Building sustainable futures:
260
_a
Springer
_b
New York
_c
2016
300
_a
x,351p.:
942
_c
BK
999
_c
597520
_d
597520